00388 a2200121 4500001001000000005001700010008004100027245008000068100002000148700002600168773005500194999001700249ART_1780920260410161700.0260409a 10aInfluencia de estabilización de precios sobre la recaudación tributaria1 aStreb, Jorge M.1 aDomper, Jorge Horacio0 tEnsayos Económicosg- Nº 38 (oct. 1987)wREV620 c15112d15112